[Event "Muenster Bezirksliga 0506"]
[Site "Muenster"]
[Date "2005.11.19"]
[Round "3.2"]
[White "Schaefer, Guenter"]
[Black "Knicknie, Patrick"]
[Result "1-0"]
[WhiteElo "1981"]
[BlackElo "1691"]
[PlyCount "31"]
[EventDate "2005.09.10"]
[EventType "team"]
[EventRounds "9"]
[EventCountry "GER"]
[SourceTitle "EXT 2007"]
[Source "ChessBase"]
[SourceDate "2006.11.23"]
[SourceVersion "1"]
[SourceVersionDate "2006.11.23"]
[SourceQuality "1"]
[WhiteTeam "Muenster"]
[BlackTeam "Telgte III"]
[WhiteTeamCountry "GER"]
[BlackTeamCountry "GER"]

1. e4 e5 2. Bc4 Nf6 3. Nc3 Nc6 4. f4 Bc5 5. Nf3 d6 6. d3 Ng4 7. Ng5 0-0 8. f5 Bf2+ 9. Kf1 Ne3+ 10. Bxe3 Bxe3 11. h4 Bxg5 12. hxg5 Qxg5 13. Nd5 Na5 14. Rh5 Qg3 15. Ne7+ Kh8 16. Rxh7+ 1-0

[Event "Muenster Bezirksliga 0506"]
[Site "Muenster"]
[Date "2005.09.10"]
[Round "1.3"]
[White "Knicknie, Patrick"]
[Black "Rex, Dieter"]
[Result "1-0"]
[WhiteElo "1691"]
[BlackElo "1767"]
[PlyCount "53"]
[EventDate "2005.09.10"]
[EventType "team"]
[EventRounds "9"]
[EventCountry "GER"]
[SourceTitle "EXT 2007"]
[Source "ChessBase"]
[SourceDate "2006.11.23"]
[SourceVersion "1"]
[SourceVersionDate "2006.11.23"]
[SourceQuality "1"]
[WhiteTeam "Telgte III"]
[BlackTeam "Telgte II"]
[WhiteTeamCountry "GER"]
[BlackTeamCountry "GER"]

1. e4 c5 2. Nf3 Nc6 3. d4 cxd4 4. Nxd4 d6 5. Nc3 e6 6. Be2 d5 7. exd5 exd5 8. 0-0 Nf6 9. Re1 Be7 10. Bf4 0-0 11. Bf3 Bb4 12. Qd3 h6 13. a3 Nxd4 14. Qxd4 Bxc3 15. Qxc3 Be6 16. Rad1 Qd7 17. Rd2 Qc6 18. Qd4 Rfd8 19. Bxh6 Rd7 20. Bg5 Ne8 21. Bf4 Rc8 22. Be5 Qb5 23. Be2 Qc6 24. Bd3 f6 25. Bg3 f5 26. Rde2 Re7 27. Bxf5 1-0